LEADER 02259oam 2200493 450 001 9910715958903321 005 20210408150220.0 035 $a(CKB)5470000002516505 035 $a(OCoLC)1245497003 035 $a(EXLCZ)995470000002516505 100 $a20210408d1985 ua 0 101 0 $aeng 135 $aur||||||||||| 181 $ctxt$2rdacontent 182 $cc$2rdamedia 183 $acr$2rdacarrier 200 10$aCompetency-based career guidance modules $eCategory B: supporting /$fby William Erpenbach [and eleven others] 210 1$aColumbus, Ohio :$cThe National Center for Research in Vocational Education, The Ohio State University,$d1985. 215 $a5 volumes $cillustrations 300 $a"Module CG." 300 $a"1985." 300 $a"Published and distributed by Bell & Howell Publication Systems Division." 320 $aIncludes bibliographical references. 327 $aB-1. Influence legislation / William Erpenbach, G. Brian Jones, Linda Phillips-Jones -- B-2. Write proposals / Richard A. Gustafson -- B-3. Improve public relations and community involvement / Norman C. Gysbers, Karen Kimmel Boyle, Ron Pollack -- B-4. Conduct staff and development activities / Dale Ake, Juliet Miller -- B-5. Use and comply with administrative mechanisms / Hazel Rockhold, Linda A. Pfister, Harry N. Drier. 517 $aCompetency-based career guidance modules 606 $aCounseling$xStudy and teaching$zUnited States 606 $aVocational guidance$xStudy and teaching$zUnited States 615 0$aCounseling$xStudy and teaching 615 0$aVocational guidance$xStudy and teaching 700 $aErpenbach$b William L.$01406306 712 02$aNational Center for Research in Vocational Education (U.S.), 712 02$aUnited States.$bOffice of Vocational and Adult Education, 712 02$aBell & Howell Co. 712 02$aAmerican Association for Counseling and Development. 712 02$aAmerican Institutes for Research. 712 02$aAmerican Vocational Association. 712 02$aOhio State University. 801 0$bGPO 801 1$bGPO 801 2$bGPO 906 $aBOOK 912 $a9910715958903321 996 $aCompetency-based career guidance modules$93484902 997 $aUNINA LEADER 03641nam 22007335 450 001 9910437811003321 005 20250616094748.0 010 $a9781299337428 010 $a1299337422 010 $a9783642354137 010 $a3642354130 024 7 $a10.1007/978-3-642-35413-7 035 $a(PPN)168328615 035 $a(OCoLC)841800148 035 $a(MiFhGG)GVRL6VZE 035 $a(CKB)2550000001017960 035 $a(MiAaPQ)EBC1106201 035 $a(MiFhGG)9783642354137 035 $a(DE-He213)978-3-642-35413-7 035 $a(EXLCZ)992550000001017960 100 $a20130130d2013 u| 0 101 0 $aeng 135 $aurun#---uuuua 181 $ctxt 182 $cc 183 $acr 200 10$aIn-situ Small-Angle X-ray Scattering Investigation of Transient Nanostructure of Multi-phase Polymer Materials Under Mechanical Deformation /$fby Ahmad Zeinolebadi 205 $a1st ed. 2013. 210 1$aBerlin, Heidelberg :$cSpringer Berlin Heidelberg :$cImprint: Springer,$d2013. 215 $a1 online resource (xvi, 106 pages) $cillustrations (some color) 225 1 $aSpringer Theses, Recognizing Outstanding Ph.D. Research,$x2190-5061 300 $a"Doctoral thesis accepted by the University of Hamburg, Germany." 311 08$a9783642354120 311 08$a3642354122 320 $aIncludes bibliographical references and index. 327 $aIntroduction -- Experimental Part -- Data Evaluation -- Thermoplastic Polyurethane Elastomers Under Uniaxial Deformation -- Polypropylene/Montmorillonite Nanocomposites: Continuous Stretching and Load-Cycling -- HDPE/PA Microfibrillar Composites Under Load-Cycling -- Summary and Future Works. 330 $aThe results in this dissertation set the ground to answer a fundamental question in data-driven polymer material science: "Why don't prepared composites show less fatigue than the pure plastics?" A simultaneous analysis of mechanical testing and small angle X-Ray scattering from the DESY source in Hamburg has been applied to approach this question, which is also central to the European research project "Nanotough", and the results are clearly presented in this book. The evolution of the materials structure is visualized and quantitatively analyzed from exhaustive sequences of scattering images. Three different classes of polymer composites are presented as typical and illustrative examples. The obtained results illustrate that the interactions of their components can cause unpredictable structural effects, ultimaltely leading to a weakening of the material, where a reinforcement was expected. 410 0$aSpringer Theses, Recognizing Outstanding Ph.D. Research,$x2190-5061 606 $aPolymers 606 $aMaterials$xAnalysis 606 $aCondensed matter 606 $aCeramic materials 606 $aPolymers 606 $aCharacterization and Analytical Technique 606 $aCondensed Matter Physics 606 $aCeramics 615 0$aPolymers. 615 0$aMaterials$xAnalysis. 615 0$aCondensed matter. 615 0$aCeramic materials. 615 14$aPolymers. 615 24$aCharacterization and Analytical Technique. 615 24$aCondensed Matter Physics. 615 24$aCeramics. 676 $a610.28 676 $a610/.28 700 $aZeinolebadi$b Ahmad$01060869 801 0$bMiAaPQ 801 1$bMiAaPQ 801 2$bMiAaPQ 906 $aBOOK 912 $a9910437811003321 996 $aIn-situ Small-Angle X-ray Scattering Investigation of Transient Nanostructure of Multi-phase Polymer Materials Under Mechanical Deformation$92515993 997 $aUNINA